Den'gi i kredit ježemesjačnyj naučno-praktičeskij žurnal gosudarstvennogo banka SSSR

Gespeichert in:
Bibliographische Detailangaben
Format: Schriftenreihe
Sprache:Russisch
Veröffentlicht: Moskva Finansy i statistika
Tags: Tag hinzufügen
Keine Tags, Fügen Sie das erste Tag hinzu!

MARC

LEADER 00000nas1a22000001 4500
001 s120626
005 20041019155346.3
041 0 |a rus 
044 |a RU 
245 1 0 |a Den'gi i kredit  |b ježemesjačnyj naučno-praktičeskij žurnal gosudarstvennogo banka SSSR 
264 1 |a Moskva  |b Finansy i statistika